000 00761nam a2200265Ia 4500
003 OSt
005 20220925220845.0
006 a|||||r|||| 00| 0
007 ta
008 220923b |||||||| |||| 00| 0 eng d
020 _a0333714776
037 _cGeneral Book
040 _aRTL
_cRTL
_beng
041 _2eng
_aeng
082 _aY:4:67.2.N9, N9
100 _aParasuraman S
245 0 _aDevelopment dilemma
_b Displacement in India.
260 _aLondon
_bMacmillan Press
_c1999
300 _axxi, 299p.
_ccm.
490 _aInstitute of Social Studies, The Hague.
500 _aBibliography: P 280-91
650 _aSocial Pathology
942 _hY:4:67.2.N9, N9
_cGB
_2CC
999 _c572715
_d572715